| 000 | 00669nam a2200193 a 4500 | ||
|---|---|---|---|
| 001 | 000047403 | ||
| 005 | 20201002060525.0 | ||
| 008 | 180515s20uu dr a 000 0 spa d | ||
| 020 | _a9993492221 | ||
| 040 |
_aDO-SdBNP _bspa _cBNPHU |
||
| 245 | 0 | 0 |
_aQué rápido aprendo a leer : _blectura inicial / _ccoordinación Jacobo Ramos P. |
| 260 |
_aSanto Domingo, República Dominicana :, _c[200-?]. |
||
| 300 |
_a96 p. : _bils. ; _c28 cm. |
||
| 490 | 1 | _aActualidad escolar 2000 | |
| 590 | _aInventariado, 2019/VM | ||
| 700 | 1 |
_aRamos P., Jacobo _ecoord. _975042 |
|
| 710 | 2 |
_aActualidad escolar 2000 (República Dominicana) _973571 |
|
| 830 | 0 |
_aActualidad escolar 2000 _975043 |
|
| 999 |
_c46891 _d46891 |
||